Ручная математическая энциклопедия; Книжка 3. Алгебра

Bibliografiske detaljer
Hovedforfatter: Перевощиков Д. М. Дмитрий Матвеевич
Summary:Текст в русской дореформенной орфографии
На дом не выдается
Печатать позволяется с тем, чтобы по отпечатании, до выпуска в продажу, представлены были в Цензурный Комитет: один экземпляр для Цензурного Комитета, другой для Департамента Министерства просвещения, два экземпляра для Императорской публичной Библиотеки и один для Императорской Академии Наук. Москва Октября 11го дня, 1826 года. Ординарный Профессор, Коллежский Советник и Кавалер Федор Чумаков
Право издания сего принадлежит в вечную собственность Комиссионеру Императорского Московского Университета А. С. Ширяеву
Not_Home
Sprog:russisk
Udgivet: Москва, В Университетской типографии, 1827
Fag:
Format: Bog
KOHA link:https://koha.lib.tpu.ru/cgi-bin/koha/opac-detail.pl?biblionumber=351170

MARC

LEADER 00000nam0a2200000 4500
001 351170
005 20231102010357.0
035 |a (RuTPU)RU\TPU\retro\5829 
090 |a 351170 
100 |a 20190417d1827 k y0rusy50 ca 
101 0 |a rus 
102 |a RU 
105 |a a z 000zy 
140 |a y y fg yyyaa1000  
141 |5 63413507  |a b u0cc  
200 1 |a Ручная математическая энциклопедия  |h Книжка 3. Алгебра  |f [Д. М. Перевощиков] 
210 |a Москва  |c В Университетской типографии  |d 1827 
215 |a 297, [3] с. 
300 |a Текст в русской дореформенной орфографии 
300 |a На дом не выдается 
300 |a Печатать позволяется с тем, чтобы по отпечатании, до выпуска в продажу, представлены были в Цензурный Комитет: один экземпляр для Цензурного Комитета, другой для Департамента Министерства просвещения, два экземпляра для Императорской публичной Библиотеки и один для Императорской Академии Наук. Москва Октября 11го дня, 1826 года. Ординарный Профессор, Коллежский Советник и Кавалер Федор Чумаков 
300 |a Право издания сего принадлежит в вечную собственность Комиссионеру Императорского Московского Университета А. С. Ширяеву 
316 |5 63413507: 84//133  |a На авантитуле надпись: "Из среднего математического класса пансионеру Петру Атрыганьеву. Почетный попечитель (подпись); Директор А. Клименко; Инспектор (подпись). Декабря 22 Дня 1829 года" 
316 |5 63413507: 84//133  |a На шмуцтитуле, титульном листе, с. 3 и [3] штампы Математического кабинета Сибирского института с/х машиностроения 
316 |5 63413507: 84//133  |a На шмуцтитуле экслибрис Районной библиотеки Карла Маркса (губерния не обозначена) 
316 |5 63413507: 84//133  |a На титульном листе неустановленный круглый штамп с ромбом в центре 
316 |5 63413507: 84//133  |a На нижней крышке переплета суперэкслибрис Ярославского Демидовского вышних наук училища 
316 |5 63413507: 84//133  |a На верхней крышке переплета золотое тиснение: "За прилежание и успехи" 
316 |5 63413507: 84//133  |a На титульном листе штамп Библиотеки СММИ 
371 0 |a Not_Home 
606 1 |a Алгебра  |2 stltpush  |3 (RuTPU)RU\TPU\subj\1723  |9 30429 
610 1 |a книжные памятники 
610 1 |a вычисления 
610 1 |a сложение 
610 1 |a уравнения 
610 1 |a дроби 
610 1 |a фигурные числа 
610 1 |a владельческие знаки 
610 1 |a дарственные надписи 
610 1 |a дары 
675 |a 512  |v 3 
700 1 |a Перевощиков  |b Д. М.  |g Дмитрий Матвеевич 
801 1 |a RU  |b 63413507  |c 20181121 
801 2 |a RU  |b 63413507  |c 20210628  |g RCR 
942 |c BK